[Event "London Classic op U2050-A 8th"]
[Site "London"]
[Date "2016.12.10"]
[Round "2"]
[White "Walczak, Rafal"]
[Black "Portman, Carl S"]
[Result "1-0"]
[WhiteElo "1844"]
[BlackElo "1893"]
[PlyCount "116"]
[EventDate "2016.12.09"]
[EventType "swiss"]
[EventRounds "5"]
[EventCountry "ENG"]
[SourceTitle "EXT 2019"]
[Source "ChessBase"]
[SourceDate "2018.10.10"]
[SourceVersion "1"]
[SourceVersionDate "2018.10.10"]
[SourceQuality "1"]

1. e4 e6 2. d4 d5 3. exd5 exd5 4. Bf4 Bd6 5. Bg3 Nf6 6. Bd3 Nc6 7. Qe2+ Be6 8. Nf3 Bxg3 9. fxg3 Qd6 10. 0-0 0-0-0 11. Bb5 Rde8 12. Bxc6 Qxc6 13. Qd3 Qb6 14. b3 Ne4 15. Nbd2 Nd6 16. c4 Qa6 17. Rfc1 Re7 18. Ne5 Bf5 19. Qf3 f6 20. c5 Be4 21. Qg4+ Bf5 22. Qf4 g5 23. Qf2 fxe5 24. cxd6 Qxd6 25. Qxf5+ Kb8 26. Qxg5 exd4 27. Re1 Rxe1+ 28. Rxe1 a6 29. Qe5 Qd8 30. Qxd4 c6 31. Nf3 Ka8 32. a4 Re8 33. Rxe8 Qxe8 34. Qe5 Qf8 35. Qd4 Qf5 36. Qb2 Qe4 37. h3 c5 38. Kh2 d4 39. b4 cxb4 40. Nxd4 b3 41. a5 Qe5 42. Qd2 b2 43. Qxb2 Qxa5 44. h4 Qc5 45. Kh3 Qc8+ 46. Kh2 Qc5 47. Kh3 Qc8+ 48. g4 h5 49. Nf5 hxg4+ 50. Kxg4 Qg8+ 51. Qg7 Qc4+ 52. Qd4 Qe2+ 53. Kh3 Qf1 54. Qd5 Qh1+ 55. Kg4 Qe1 56. Nd6 Qe2+ 57. Kh3 Qe3+ 58. g3 Qe7 1-0

[Event "Augustow op"]
[Site "Augustow"]
[Date "2007.08.27"]
[Round "6.7"]
[White "Walczak, Rafal"]
[Black "Galaszewski, Patryk"]
[Result "1-0"]
[WhiteElo "1869"]
[BlackElo "1749"]
[PlyCount "83"]
[EventDate "2007.08.24"]
[EventType "swiss"]
[EventRounds "9"]
[EventCountry "POL"]
[SourceTitle "EXT 2023"]
[Source "ChessBase"]
[SourceDate "2022.10.05"]
[SourceVersion "1"]
[SourceVersionDate "2022.10.05"]
[SourceQuality "1"]

1. e4 d5 2. exd5 Qxd5 3. Nc3 Qa5 4. d4 c6 5. Bf4 Nf6 6. h3 Bf5 7. Bd3 Bg6 8. Nge2 e6 9. a3 Nd5 10. Bg3 Nd7 11. 0-0 N7f6 12. Nxd5 Nxd5 13. c4 Nf6 14. b4 Qd8 15. Qc2 Bd6 16. Bxg6 hxg6 17. Rfd1 0-0 18. Bh4 Be7 19. Nc3 Qc7 20. Re1 Rac8 21. Qb3 Rfd8 22. g3 a6 23. a4 Qb6 24. c5 Qc7 25. b5 axb5 26. axb5 b6 27. Na4 cxb5 28. Nxb6 Rb8 29. Qxb5 Nd5 30. Bxe7 Qxe7 31. Nxd5 exd5 32. Qd3 Rb4 33. Rab1 Rxb1 34. Rxb1 Ra8 35. Qe3 Qd7 36. Kg2 Ra4 37. Qf4 f6 38. Rb6 g5 39. Qe3 Qf5 40. Qe8+ Kh7 41. Qh5+ Kg8 42. Rb8+ 1-0

[Event "POL-ch U16"]
[Site "Leba"]
[Date "2006.03.29"]
[Round "7"]
[White "Walczak, Rafal"]
[Black "Czachor, Grzegorz"]
[Result "1/2-1/2"]
[WhiteElo "1800"]
[BlackElo "1986"]
[PlyCount "111"]
[EventDate "2006.03.25"]
[EventType "swiss"]
[EventRounds "11"]
[EventCountry "POL"]
[SourceTitle "CBM 111 Extra"]
[Source "ChessBase"]
[SourceDate "2006.05.09"]
[SourceVersion "1"]
[SourceVersionDate "2006.05.09"]
[SourceQuality "1"]

1. e4 c5 2. Nf3 d6 3. d4 cxd4 4. Nxd4 Nf6 5. Nc3 Nc6 6. Be3 Ng4 7. Qd2 Nxe3 8. Qxe3 g6 9. Bd3 Bg7 10. Nde2 0-0 11. 0-0 Nb4 12. f4 b6 13. a3 Nxd3 14. cxd3 Ba6 15. Rad1 e6 16. Rfe1 d5 17. e5 Rc8 18. g4 Qd7 19. g5 Rfd8 20. d4 Rc7 21. Rd2 Rdc8 22. h4 Rc4 23. h5 Bf8 24. hxg6 fxg6 25. Nd1 Rc2 26. Nec3 Rxd2 27. Qxd2 Qf7 28. Qf2 Bd3 29. Ne3 Bf5 30. Re2 Be7 31. Qg3 a6 32. Kh2 b5 33. Ncd1 Rc1 34. Nf2 Kf8 35. Neg4 Rc4 36. Qe3 Bd8 37. b3 Rc8 38. Nf6 h5 39. Qd2 Qc7 40. Nd3 Qc3 41. Nc5 Qxd2 42. Rxd2 a5 43. Ra2 Ke7 44. b4 a4 45. Ng8+ Kf8 46. Nh6 Ke7 47. Nxf5+ exf5 48. Kg2 Bb6 49. Rb2 Rc7 50. Kf3 Rc8 51. Ke3 Rc7 52. Rd2 Rc8 53. Rd3 Rc7 54. Rc3 Ke8 55. Kd2 Ke7 56. Ke3 1/2-1/2

[Event "POL-ch U16"]
[Site "Leba"]
[Date "2006.03.28"]
[Round "5"]
[White "Walentukiewicz, Michal"]
[Black "Walczak, Rafal"]
[Result "1-0"]
[WhiteElo "2074"]
[BlackElo "1800"]
[PlyCount "121"]
[EventDate "2006.03.25"]
[EventType "swiss"]
[EventRounds "11"]
[EventCountry "POL"]
[SourceTitle "CBM 111 Extra"]
[Source "ChessBase"]
[SourceDate "2006.05.09"]
[SourceVersion "1"]
[SourceVersionDate "2006.05.09"]
[SourceQuality "1"]

1. e4 Nf6 2. Nc3 d5 3. exd5 Nxd5 4. Bc4 Nb6 5. Bb3 Nc6 6. Nf3 Bf5 7. d4 e6 8. 0-0 Be7 9. Re1 0-0 10. Ne2 Na5 11. Ng3 Nxb3 12. axb3 Bg4 13. c3 c5 14. h3 Bxf3 15. Qxf3 Qd5 16. Qxd5 Nxd5 17. dxc5 Bxc5 18. b4 Bb6 19. Ne4 Rfd8 20. Kf1 a6 21. Ke2 Rac8 22. Be3 Nxe3 23. fxe3 Rd7 24. Red1 Rcd8 25. Rxd7 Rxd7 26. Nd2 Kf8 27. Nc4 Bc7 28. Na3 Bd6 29. Nc2 g6 30. Ra3 Ke7 31. Rb3 f5 32. b5 Bc5 33. bxa6 bxa6 34. Nb4 Bxb4 35. Rxb4 Rd6 36. Rb7+ Rd7 37. Rb8 Rd6 38. c4 Kf6 39. b4 Ke5 40. c5 Rc6 41. Kd3 a5 42. Kc4 axb4 43. Kxb4 Ra6 44. Rd8 g5 45. Kb5 Ra2 46. c6 Rb2+ 47. Ka6 Ra2+ 48. Kb7 Rb2+ 49. Kc8 Rxg2 50. c7 g4 51. hxg4 fxg4 52. Kd7 Rc2 53. c8Q Rxc8 54. Rxc8 Ke4 55. Rc4+ Kxe3 56. Rxg4 Kf3 57. Rg5 Kf4 58. Rg1 e5 59. Rf1+ Ke3 60. Re1+ Kd4 61. Ke6 1-0

[Event "Augustow op"]
[Site "Augustow"]
[Date "2004.??.??"]
[Round "2"]
[White "Buzun, Michal"]
[Black "Walczak, Rafal"]
[Result "0-1"]
[WhiteElo "2000"]
[BlackElo "1800"]
[PlyCount "64"]
[EventDate "2004.08.??"]
[EventType "swiss"]
[EventRounds "9"]
[EventCountry "POL"]
[SourceTitle "EXT 2008"]
[Source "ChessBase"]
[SourceDate "2007.11.25"]
[SourceVersion "1"]
[SourceVersionDate "2007.11.25"]
[SourceQuality "1"]

1. d4 Nf6 2. Nc3 e6 3. Bg5 d5 4. Nf3 Bb4 5. e3 0-0 6. Bd3 h6 7. Bh4 c5 8. dxc5 Nbd7 9. Qd2 Nxc5 10. a3 Nxd3+ 11. Qxd3 Qa5 12. Bxf6 gxf6 13. 0-0 Bxc3 14. bxc3 e5 15. Qd2 Be6 16. Rfb1 Qc7 17. a4 Rfc8 18. Ra3 Qc5 19. Rb4 a5 20. Rbb3 Qd6 21. Ra1 Qc6 22. Rab1 Rc7 23. Ne1 Qxa4 24. Rxb7 Rxb7 25. Rxb7 Qc6 26. Rb1 a4 27. e4 Kg7 28. exd5 Bxd5 29. Rb4 e4 30. Qe3 a3 31. Rb6 Qxb6 32. Qxb6 a2 0-1

[Event "Augustow op"]
[Site "Augustow"]
[Date "2004.??.??"]
[Round "8"]
[White "Warakomska, Anna"]
[Black "Walczak, Rafal"]
[Result "1-0"]
[WhiteElo "1911"]
[BlackElo "1800"]
[PlyCount "67"]
[EventDate "2004.08.??"]
[EventType "swiss"]
[EventRounds "9"]
[EventCountry "POL"]
[SourceTitle "EXT 2008"]
[Source "ChessBase"]
[SourceDate "2007.11.25"]
[SourceVersion "1"]
[SourceVersionDate "2007.11.25"]
[SourceQuality "1"]

1. e4 Nf6 2. e5 Nd5 3. c4 Nb6 4. d4 d6 5. exd6 exd6 6. Nc3 Nc6 7. Be3 Be7 8. Bd3 Bf6 9. Nge2 Bg4 10. f3 Bh4+ 11. Ng3 Bd7 12. 0-0 Bxg3 13. hxg3 h5 14. Re1 Kf8 15. Qd2 f6 16. c5 dxc5 17. d5 Ne5 18. Bxc5+ Kg8 19. f4 Nxd3 20. Qxd3 Rh6 21. Be7 Qc8 22. Ne4 a6 23. Qd4 Kf7 24. d6 f5 25. Ng5+ Kg8 26. Rac1 Bc6 27. dxc7 Nd5 28. Qc4 Qd7 29. Bd8 Rxd8 30. cxd8Q+ Qxd8 31. Qd4 h4 32. gxh4 Qa5 33. b4 Qxa2 34. Rxc6 1-0